000
00299nam a2200109Ia 4500
008
200302s9999 xx 000 0 und d
100
_a
George E. Todd
245
_a
Elements of Color Photography The Making of Eighty Images
260
_b
Watson-Guptill Publication
260
_c
2003
300
_a
138 P.,
999
_c
1981
_d
1981